书目信息 |
| 题名: |
培养学习发明创造
|
|
| 作者: | 萧枫 , 姜忠喆 主编 | |
| 分册: | ||
| 出版信息: | 长春 吉林出版集团有限责任公司 2012 |
|
| 页数: | 197页 | |
| 开本: | 23cm | |
| 丛书名: | 四特教育系列丛书 | |
| 单 册: | ||
| 中图分类: | G633.933 , G633.9 | |
| 科图分类: | ||
| 主题词: | 中小学生--创造发明--能力培养--教学参考资料 | |
| 电子资源: | ||
| ISBN: | 978-7-5463-8681-2 | |
| 000 | 00900oam2 2200265 450 | |
| 001 | 2356815816 | |
| 005 | 20231210154728.40 | |
| 010 | @a978-7-5463-8681-2@dCNY 39.80 | |
| 100 | @a20130410d2012 em y0chiy0120 ea | |
| 101 | 0 | @achi |
| 102 | @aCN@b220000 | |
| 105 | @aa z 000yy | |
| 200 | 1 | @a培养学习发明创造@Apei yang xue xi fa ming chuang zao@b专著@f萧枫,姜忠喆主编 |
| 210 | @a长春@c吉林出版集团有限责任公司@d2012 | |
| 215 | @a197页@c图@d23cm | |
| 225 | 2 | @a四特教育系列丛书 |
| 330 | @a本书针对学校如何组织小制作活动培养学习发明创造能力进行了分析和探讨,并给予了切实的指导,对中小学生颇有启发意义。 | |
| 410 | 0 | @1001006567968 |
| 606 | 0 | @a中小学生@x创造发明@x能力培养@j教学参考资料 |
| 690 | @aG633.933@v5 | |
| 690 | @aG633.9@v4 | |
| 701 | 0 | @a萧枫@Axiao feng@c(编辑)@4主编 |
| 701 | 0 | @a姜忠喆@Ajiang zhong zhe@4主编 |
| 801 | 2 | @aCN@b辽宁北配@c20231205 |
| 905 | @aZUCC@dG633.9@e6 | |
| 培养学习发明创造/萧枫,姜忠喆主编.-长春:吉林出版集团有限责任公司,2012 |
| 197页:图;23cm.-(四特教育系列丛书) |
| ISBN 978-7-5463-8681-2:CNY 39.80 |
| 本书针对学校如何组织小制作活动培养学习发明创造能力进行了分析和探讨,并给予了切实的指导,对中小学生颇有启发意义。 |
| ● |
| 相关链接 |
|
|
|
正题名:培养学习发明创造
索取号:G633.9/6
 
预约/预借
| 序号 | 登录号 | 条形码 | 馆藏地/架位号 | 状态 | 备注 |
| 1 | 2001544111 | 2001544111 | 319书库/ [索取号:G633.9/6] | 在馆 | |
| 2 | 2001544112 | 2001544112 | 319书库/ [索取号:G633.9/6] | 在馆 | |
| 3 | 2001544113 | 2001544113 | 319书库/ [索取号:G633.9/6] | 在馆 | |
| 4 | 2001544114 | 2001544114 | 319书库/ [索取号:G633.9/6] | 在馆 | |
| 5 | 2001544115 | 2001544115 | 315书库/ [索取号:G633.9/6] | 在馆 | |
| 6 | 2001544116 | 2001544116 | 315书库/ [索取号:G633.9/6] | 在馆 | |
| 7 | 2001544117 | 2001544117 | 315书库/ [索取号:G633.9/6] | 在馆 | |
| 8 | 2001544118 | 2001544118 | 315书库/ [索取号:G633.9/6] | 在馆 | |
| 9 | 2001544119 | 2001544119 | 319书库/ [索取号:G633.9/6] | 在馆 | |
| 10 | 2001544120 | 2001544120 | 319书库/ [索取号:G633.9/6] | 在馆 | |
| 11 | 2001544121 | 2001544121 | 319书库/ [索取号:G633.9/6] | 在馆 | |
| 12 | 2001544122 | 2001544122 | 319书库/ [索取号:G633.9/6] | 在馆 | |
| 13 | 2001544123 | 2001544123 | 319书库/ [索取号:G633.9/6] | 在馆 | |
| 14 | 2001544124 | 2001544124 | 319书库/ [索取号:G633.9/6] | 在馆 | |
| 15 | 2001544125 | 2001544125 | 319书库/ [索取号:G633.9/6] | 在馆 | |
| 16 | 2001544126 | 2001544126 | 319书库/ [索取号:G633.9/6] | 在馆 | |
| 17 | 2001544127 | 2001544127 | 319书库/ [索取号:G633.9/6] | 在馆 | |
| 18 | 2001544128 | 2001544128 | 319书库/ [索取号:G633.9/6] | 在馆 | |
| 19 | 2001544129 | 2001544129 | 319书库/ [索取号:G633.9/6] | 在馆 | |
| 20 | 2001544130 | 2001544130 | 319书库/ [索取号:G633.9/6] | 在馆 | |
| 21 | 2001544131 | 2001544131 | 319书库/ [索取号:G633.9/6] | 在馆 | |
| 22 | 2001544132 | 2001544132 | 319书库/ [索取号:G633.9/6] | 在馆 | |
| 23 | 2001544133 | 2001544133 | 319书库/ [索取号:G633.9/6] | 在馆 | |
| 24 | 2001544134 | 2001544134 | 315书库/ [索取号:G633.9/6] | 在馆 | |
| 25 | 2001544135 | 2001544135 | 315书库/ [索取号:G633.9/6] | 在馆 | |
| 26 | 2001544136 | 2001544136 | 319书库/ [索取号:G633.9/6] | 在馆 | |
| 27 | 2001544137 | 2001544137 | 319书库/ [索取号:G633.9/6] | 在馆 | |
| 28 | 2001544138 | 2001544138 | 319书库/ [索取号:G633.9/6] | 在馆 | |
| 29 | 2001544139 | 2001544139 | 319书库/ [索取号:G633.9/6] | 在馆 | |
| 30 | 2001544140 | 2001544140 | 319书库/ [索取号:G633.9/6] | 在馆 |